Statystyki dla Półfinaliści mistrzostw Europy w piłce nożnej

Kliknij tutaj aby rozwiązać quiz!

Ogólne statystyki

  • Ten quiz został rozwiązany 143 razy
  • Średni wynik to 60 z 64

Statystyki odpowiedzi

RokReprezentacja% Poprawnych
Francja
99%
Francja
99%
Francja
99%
1984Francja
99%
2000Francja
99%
1980RFN
99%
1972RFN
99%
RFN
99%
RFN
99%
Anglia
98%
Anglia
98%
Anglia
98%
2008Hiszpania
98%
Hiszpania
98%
Hiszpania
98%
1964Hiszpania
98%
2012Hiszpania
98%
Niemcy
98%
Niemcy
98%
1996Niemcy
98%
Niemcy
98%
Niemcy
98%
Portugalia
98%
Portugalia
98%
Portugalia
98%
Portugalia
98%
2016Portugalia
98%
Włochy
98%
Włochy
98%
Włochy
98%
1968Włochy
98%
Włochy
98%
2020Włochy
98%
Dania
97%
1992Dania
97%
Dania
97%
Dania
97%
2004Grecja
96%
Rosja
93%
Belgia
92%
Belgia
92%
Holandia
92%
Holandia
92%
1988Holandia
92%
Holandia
92%
Holandia
92%
Walia
89%
Czechy
87%
Czechy
87%
Szwecja
86%
ZSRR
86%
ZSRR
86%
ZSRR
86%
ZSRR
86%
1960ZSRR
86%
Jugosławia
82%
Jugosławia
82%
Jugosławia
82%
1976Czechosłowacja
79%
Czechosłowacja
79%
Czechosłowacja
79%
Turcja
78%
Węgry
76%
Węgry
76%

Rozkład punktacji

Percentyl według liczby udzielonych odpowiedzi

Procent ludzi z każdym wynikiem

Twoja historia wyników

Nie rozwiązałeś tego quizu